<?xml version="1.0" encoding="UTF-8"?><?xml-stylesheet type="text/xsl" href="static/style.xsl"?><OAI-PMH xmlns="http://www.openarchives.org/OAI/2.0/" xmlns:xsi="http://www.w3.org/2001/XMLSchema-instance" xsi:schemaLocation="http://www.openarchives.org/OAI/2.0/ http://www.openarchives.org/OAI/2.0/OAI-PMH.xsd"><responseDate>2026-04-14T08:25:49Z</responseDate><request verb="GetRecord" identifier="oai:www.recercat.cat:2072/474199" metadataPrefix="marc">https://recercat.cat/oai/request</request><GetRecord><record><header><identifier>oai:recercat.cat:2072/474199</identifier><datestamp>2025-04-03T10:27:19Z</datestamp><setSpec>com_2072_98</setSpec><setSpec>col_2072_378192</setSpec></header><metadata><record xmlns="http://www.loc.gov/MARC21/slim" xmlns:dcterms="http://purl.org/dc/terms/" xmlns:xsi="http://www.w3.org/2001/XMLSchema-instance" xmlns:doc="http://www.lyncode.com/xoai" xsi:schemaLocation="http://www.loc.gov/MARC21/slim http://www.loc.gov/standards/marcxml/schema/MARC21slim.xsd">
   <leader>00925njm 22002777a 4500</leader>
   <datafield ind2=" " ind1=" " tag="042">
      <subfield code="a">dc</subfield>
   </datafield>
   <datafield ind2=" " ind1=" " tag="720">
      <subfield code="a">Creus, Jordi</subfield>
      <subfield code="e">author</subfield>
   </datafield>
   <datafield ind2=" " ind1=" " tag="720">
      <subfield code="a">Mallón, Laura</subfield>
      <subfield code="e">author</subfield>
   </datafield>
   <datafield ind2=" " ind1=" " tag="720">
      <subfield code="a">Romero Fernández, Nuria</subfield>
      <subfield code="e">author</subfield>
   </datafield>
   <datafield ind2=" " ind1=" " tag="720">
      <subfield code="a">Bofill Arasa, Roger</subfield>
      <subfield code="e">author</subfield>
   </datafield>
   <datafield ind2=" " ind1=" " tag="720">
      <subfield code="a">Moya, Alicia</subfield>
      <subfield code="e">author</subfield>
   </datafield>
   <datafield ind2=" " ind1=" " tag="720">
      <subfield code="a">Fierro, J.L.G.</subfield>
      <subfield code="e">author</subfield>
   </datafield>
   <datafield ind2=" " ind1=" " tag="720">
      <subfield code="a">Mas Balleste, Ruben</subfield>
      <subfield code="e">author</subfield>
   </datafield>
   <datafield ind2=" " ind1=" " tag="720">
      <subfield code="a">Sala Román, Xavier</subfield>
      <subfield code="e">author</subfield>
   </datafield>
   <datafield ind2=" " ind1=" " tag="720">
      <subfield code="a">Philippot, Karine</subfield>
      <subfield code="e">author</subfield>
   </datafield>
   <datafield ind2=" " ind1=" " tag="720">
      <subfield code="a">García-Antón, Jordi</subfield>
      <subfield code="e">author</subfield>
   </datafield>
   <datafield ind2=" " ind1=" " tag="260">
      <subfield code="c">2019</subfield>
   </datafield>
   <datafield ind2=" " ind1=" " tag="520">
      <subfield code="a">Four different cathodes for the hydrogen evolution reaction (HER) have been developed by the decoration of commercial carbon microfibers with Ru nanoparticles (Ru NPs). Two types of carbon fibers have been used: pristine, as-received, carbon fibers (pCF) and carbon fibers modified by an oxidative treatment that led to the functionalization of their surface with carboxylic groups (fCF). The decoration of these CFs with Ru NPs has been performed by two different methodologies based on the organometallic approach: direct synthesis of Ru NPs on top of the CFs (in-situ Ru NPs) or impregnation of the CFs with a colloidal solution of preformed Ru NPs stabilized with 4-phenylpyridine (RuPP NPs; ex-situ Ru NPs). The electrocatalytic performance of these four cathodes (ex-situ RuPP@pCF and RuPP@fCF; in-situ Ru@pCF and Ru@fCF) for the HER has been studied in acidic conditions. The results obtained show that both the nature of the NPs and of the carbon fibers play a key role on the stability and activity of the hybrid electrodes: ex-situ prepared Ru NPs afford better activities at lower overpotentials and better stabilities than those formed in-situ. Among the two ex-situ systems, an enhancement of the stability with pCF is observed, that may arise from more effective π-interactions between 4-phenylpyridine ligand and the surface of these carbon fibers. This interaction is somehow disfavored with fCF due to the presence of the surface carboxylic groups.</subfield>
   </datafield>
   <datafield tag="653" ind2=" " ind1=" ">
      <subfield code="a">Carbon fibers</subfield>
   </datafield>
   <datafield tag="653" ind2=" " ind1=" ">
      <subfield code="a">Energy conversion</subfield>
   </datafield>
   <datafield tag="653" ind2=" " ind1=" ">
      <subfield code="a">Hydrogen evolution reaction</subfield>
   </datafield>
   <datafield tag="653" ind2=" " ind1=" ">
      <subfield code="a">Nanoparticles</subfield>
   </datafield>
   <datafield tag="653" ind2=" " ind1=" ">
      <subfield code="a">Ruthenium</subfield>
   </datafield>
   <datafield ind2="0" ind1="0" tag="245">
      <subfield code="a">Ruthenium nanoparticles supported on carbon microfibers for hydrogen evolution electrocatalysis</subfield>
   </datafield>
</record></metadata></record></GetRecord></OAI-PMH>